000 01847cam a22004817a 4500
001 000094949
003 CHAP
005 20220329143049.0
008 051128d2005 mx d r 00110 spa d
010 _a91415
011 _a92387
035 _a102951
040 _cCHAP
090 _aTesis
100 0 0 _aTrujano Fragoso, Diana Elizabeth.
_9115383
245 1 0 _aRendimiento y calidad física de semilla en cruzas simples de maíz (Zea mays L.) de Valles Altos, bajo tres dosis de fertilización y tres densidades de población /
_c/por Diana Elizabeth Trujano Fragoso.
260 _aChapingo, Méx. :
_bEl autor,
_c2005.
300 _a53 h. :
_bgráfs. ; cuadros.
502 _aTesis (Ing. Agr. Esp. en Fitotecnia) -- UACH. Departamento de Fitotecnia
590 _aALEPH
_b10
_c20130110
_lUCH01
_h1508
590 _aBATCH-UPD
_b10
_c20130110
_lUCH01
_h1434
590 _aBATCH-UPD
_b10
_c20130410
_lUCH01
_h0909
590 _aBATCH-UPD
_b10
_c20130914
_lUCH01
_h1756
590 _aBATCH-UPD
_b10
_c20140324
_lUCH01
_h1452
590 _aBATCH-UPD
_b10
_c20141002
_lUCH01
_h0827
590 _aCONVERSION
_b10
_c20130109
_lUCH01
_h1351
590 _aE792CSJ
_b10
_c20130618
_lUCH01
_h1155
650 1 4 _aMaíz
_xEspaciamiento.
_970946
650 1 4 _aMaíz
_xFertilización.
_970956
650 1 4 _aMaíz
_xGenética.
_970963
650 1 4 _aMaíz
_xHíbridos.
_970974
650 1 4 _aMaíz
_xSemilla.
_971059
650 1 4 _aMaíz
_zMéxico (Edo.).
_971099
650 1 4 _aSemillas
_xCalidad.
_9103881
650 1 4 _aSemillas
_xRendimiento.
_9103930
856 _3Finding aid
_uhttp://10.13.5.2/tesis/102951.pdf
_zTeclea aquí
901 _aBK
905 _aMarco A. Mendoza T.
942 _cCD
942 _n0
949 _aTesis
_bBC
_cTES
_d1029511
_eTS1
_gDonaciØn
_h44386
_i102951
_sb
949 _aTesis
_bBC
_cTES
_d33724000967303
_eTS2
_fc.2
_gDonaciØn
_h44387
_i102951
_si
999 _c91415
_d91415